El desarrollo tecnológico de la agricultura en la estrategia alternativa de desarrollo del Istmo /

Guardat en:
Dades bibliogràfiques
Autor principal: Kaimowitz, David
Format: Llibre
Idioma:Spanish
Etiquetes: Afegir etiqueta
Sense etiquetes, Sigues el primer a etiquetar aquest registre!

MARC

LEADER 00000nam a22000007a 4500
003 cru CIDCACS/IIS
005 20171206153830.0
007 ta
008 171206t1992 cr |||||r|||||0|| ||spa|d
999 |c 40699  |d 40699 
040 |c cru CIDCACS/IIS 
100 1 |9 6195  |a Kaimowitz, David 
245 1 3 |a El desarrollo tecnológico de la agricultura en la estrategia alternativa de desarrollo del Istmo /  |c David Kaimowitz 
300 |a páginas 227-258:  |b tablas 
773 0 |0 40694  |9 1668  |a Stein, Eduardo  |d San José, Costa Rica: CADESCA; DEI, 1992  |o 18466  |t Democracia sin pobreza:  |z 9977830568 
942 |2 ddc  |c LI